Raj Rewal Works 1980-2018 (Record no. 13030)
[ view plain ]
| 000 -LEADER | |
|---|---|
| fixed length control field | 01204 a2200265 4500 |
| 003 - CONTROL NUMBER IDENTIFIER | |
| control field | OSt |
| 005 - DATE AND TIME OF LATEST TRANSACTION | |
| control field | 20250206173728.0 |
| 008 - FIXED-LENGTH DATA ELEMENTS--GENERAL INFORMATION | |
| fixed length control field | 250129b ||||| |||| 00| 0 eng d |
| 020 ## - INTERNATIONAL STANDARD BOOK NUMBER | |
| International Standard Book Number | 9789384204280 |
| Qualifying information | Volume-1 &2 |
| 020 ## - INTERNATIONAL STANDARD BOOK NUMBER | |
| International Standard Book Number | 9789384204273 |
| Qualifying information | Volume-3 &4 |
| 020 ## - INTERNATIONAL STANDARD BOOK NUMBER | |
| International Standard Book Number | 9789384204297 |
| Qualifying information | Volume-5 |
| 040 ## - CATALOGING SOURCE | |
| Original cataloging agency | BMSCA |
| Transcribing agency | BMSCA |
| 041 ## - LANGUAGE CODE | |
| Language code of text/sound track or separate title | eng. |
| 082 ## - DEWEY DECIMAL CLASSIFICATION NUMBER | |
| Classification number | 720.954 |
| 100 ## - MAIN ENTRY--PERSONAL NAME | |
| Personal name | Curtis, William J.R |
| 245 ## - TITLE STATEMENT | |
| Title | Raj Rewal Works 1980-2018 |
| 260 ## - PUBLICATION, DISTRIBUTION, ETC. (IMPRINT) | |
| Place of publication, distribution, etc | New Delhi |
| Name of publisher, distributor, etc | Council of Architecture (COA) |
| Date of publication, distribution, etc | 2024 |
| 300 ## - PHYSICAL DESCRIPTION | |
| Extent | 5v. |
| 500 ## - GENERAL NOTE | |
| General note | Contents: v.1. Asian Games Village National Institute of Immunology -New Delhi, India 1980-1982, 1983-2000/by William J.R. Curtis -- v.2. Lisbon Ismaili Centre- Portugal – 1995-2000-- v.3. Metro Bhawan, D.M.R.C., New Delhi – 2007 -2009; Coal India Ltd. Head Quarters-Kolkata- 2010- 2015/by Suparna Rajguru--- v.4. State University of Visual and Performing Arts, Rohtak, India 2008-2012 / by Aurelien Lenionier; Suparna Rajguru--- v.5. Freedom struggle memorial and museum 2014-2018/ by Sandrine Gill; Kaiwan Mehta |
| 700 ## - ADDED ENTRY--PERSONAL NAME | |
| Personal name | Curtis, William J.R |
| 700 ## - ADDED ENTRY--PERSONAL NAME | |
| Personal name | Ozkan, Suha |
| 700 ## - ADDED ENTRY--PERSONAL NAME | |
| Personal name | Khan, Hasan-Uddin |
| 700 ## - ADDED ENTRY--PERSONAL NAME | |
| Personal name | Rajguru, Suparna |
| 942 ## - ADDED ENTRY ELEMENTS (KOHA) | |
| Source of classification or shelving scheme | |
| Item type | UG Books |
| Withdrawn status | Lost status | Source of classification or shelving scheme | Damaged status | Koha normalized classification for sorting | Not for loan | Collection code | Permanent location | Current location | Date acquired | Source of acquisition | Cost, normal purchase price | Full call number | Barcode | Date last seen | Cost, replacement price | Price effective from | Koha item type | Public note | Total Checkouts | Total Renewals | Checked out | Date last borrowed |
|---|---|---|---|---|---|---|---|---|---|---|---|---|---|---|---|---|---|---|---|---|---|---|
| 720_954000000000000 | Not For Loan | COA Books | BMS College of Architecture, Design and Planning | BMS College of Architecture, Design and Planning | 2025-02-06 | 8 | 420.00 | 720.954 | AR-UG4725 | 2025-02-06 | 700.00 | 2025-02-06 | UG Books | Volume-1 | ||||||||
| 720_954000000000000 | COA Books | BMS College of Architecture, Design and Planning | BMS College of Architecture, Design and Planning | 2025-02-06 | 8 | 420.00 | 720.954 | AR-UG4726 | 2026-03-24 | 700.00 | 2025-02-06 | UG Books | Volume-1 | 1 | 1 | 2026-04-23 | 2026-03-24 | |||||
| 720_954000000000000 | Not For Loan | COA Books | BMS College of Architecture, Design and Planning | BMS College of Architecture, Design and Planning | 2025-02-06 | 8 | 420.00 | 720.954 | AR-UG4727 | 2025-02-06 | 700.00 | 2025-02-06 | UG Books | Volume-2 | ||||||||
| 720_954000000000000 | COA Books | BMS College of Architecture, Design and Planning | BMS College of Architecture, Design and Planning | 2025-02-06 | 8 | 420.00 | 720.954 | AR-UG4728 | 2025-02-06 | 700.00 | 2025-02-06 | UG Books | Volume-2 | |||||||||
| 720_954000000000000 | Not For Loan | COA Books | BMS College of Architecture, Design and Planning | BMS College of Architecture, Design and Planning | 2025-02-06 | 8 | 420.00 | 720.954 | AR-UG4729 | 2025-02-06 | 700.00 | 2025-02-06 | UG Books | Volume-3 | ||||||||
| 720_954000000000000 | COA Books | BMS College of Architecture, Design and Planning | BMS College of Architecture, Design and Planning | 2025-02-06 | 8 | 420.00 | 720.954 | AR-UG4730 | 2025-02-06 | 700.00 | 2025-02-06 | UG Books | Volume-3 | |||||||||
| 720_954000000000000 | Not For Loan | COA Books | BMS College of Architecture, Design and Planning | BMS College of Architecture, Design and Planning | 2025-02-06 | 8 | 420.00 | 720.954 | AR-UG4731 | 2025-03-05 | 700.00 | 2025-02-06 | UG Books | Volume-4 | ||||||||
| 720_954000000000000 | COA Books | BMS College of Architecture, Design and Planning | BMS College of Architecture, Design and Planning | 2025-02-06 | 8 | 420.00 | 720.954 | AR-UG4732 | 2025-06-24 | 700.00 | 2025-02-06 | UG Books | Volume-4 | 1 | 2025-02-24 | |||||||
| 720_954000000000000 | Not For Loan | COA Books | BMS College of Architecture, Design and Planning | BMS College of Architecture, Design and Planning | 2025-02-06 | 8 | 420.00 | 720.954 | AR-UG4733 | 2025-02-06 | 700.00 | 2025-02-06 | UG Books | Volume-5 | ||||||||
| 720_954000000000000 | COA Books | BMS College of Architecture, Design and Planning | BMS College of Architecture, Design and Planning | 2025-02-06 | 8 | 420.00 | 720.954 | AR-UG4734 | 2025-02-06 | 700.00 | 2025-02-06 | UG Books | Volume-5 |